Score 0/22 Timer 03:00
0 Plays Today
% Correct
MINE
95.7%
LINE
95.6%
LIVE
95.2%
LOVE
94.7%
COULD
94%
WOULD
93.4%
COVE
92.8%
CASE
92.1%
MIND
87.1%
CAVE
86.7%
CARRY
86.3%
% Correct
HARRY
86%
CASH
83.5%
WASH
70.1%
CARRS
61.9%
CARLS
61.4%
HARPY
52.6%
WISH
51.2%
WORLD
50.4%
CAULD
43.7%
HAPPY
41.4%
CAULS
39.2%

Today's Daily Dose

Remove Ads.
Support Sporcle.
Get the best of Sporcle when you Go Orange. This ad-free experience offers more features, more stats, and more fun while also helping to support Sporcle. Thank you for becoming a member.

You're not logged in!

Compare scores with friends on all Sporcle quizzes.
OR
Log In

Show Comments

Extras

Top Quizzes Today


Score Distribution

Your Account Isn't Verified!

In order to create a playlist on Sporcle, you need to verify the email address you used during registration. Go to your Sporcle Settings to finish the process.

Report this User

Report this user for behavior that violates our Community Guidelines.

Details: